Manual del contador (Registro nro. 1788)
[ vista simple ]
| 000 -LEADER | |
|---|---|
| fixed length control field | 01496 a2200229 4500 |
| 001 - CONTROL NUMBER | |
| control field | 29034 |
| 005 - DATE AND TIME OF LATEST TRANSACTION | |
| control field | 20260407155559.0 |
| 008 - FIXED-LENGTH DATA ELEMENTS--GENERAL INFORMATION | |
| fixed length control field | 260407a1943 arg spa d |
| 003 - CONTROL NUMBER IDENTIFIER | |
| control field | AR-UNSa-BCEJYS |
| 040 ## - CATALOGING SOURCE | |
| Original cataloging agency | AR-UNSa-BCEJYS |
| Language of cataloging | spa |
| Transcribing agency | AR-UNSa-BCEJYS |
| 080 ## - UNIVERSAL DECIMAL CLASSIFICATION NUMBER | |
| Universal Decimal Classification number | 657 |
| Common auxiliary subdivision | Contabilidad |
| 100 1# - MAIN ENTRY--PERSONAL NAME | |
| Personal name | Paton, William A. |
| 245 10 - TITLE STATEMENT | |
| Title | Manual del contador |
| 264 #1 - PRODUCTION, PUBLICATION, DISTRIBUTION, MANUFACTURE, AND COPYRIGHT NOTICE | |
| Place of production, publication, distribution, manufacture | México : |
| Name of producer, publisher, distributor, manufacturer | Unión Tipográfica Editorial Hispano-Americana (UTEHA) |
| Date of production, publication, distribution, manufacture, or copyright notice | 1943 |
| 300 ## - PHYSICAL DESCRIPTION | |
| Extent | 1847 p. |
| Dimensions | 19 cm. |
| 505 ## - FORMATTED CONTENTS NOTE | |
| Formatted contents note | 1. Estados financieros - 2. Análisis de estado - 3. Representaciones graficas - 4. Clasificación de cuentas - 5. Caja - 6. Valores a recibir - 7. Inversiones - 8. Inventarios - 9. Terrenos y activos agotables - 10. Edificios y equipos - 11. Principios que rigen la depreciación - 12. Cuotas de depreciación - 13. Valuaciones de plantas industriales - 14. Intangibles - 15. Pasivo circulante - 16. Pasivo fijo - 17. Capital social - 18. Superavit, reservas , dividendos - 19. Estados consolidados - 20. Determinación de los rendimientos - 21. Organización de la contabilidad y control - 22. Presupuestos - 23. Ventas - 24. Costos de fabricación - 25. Costos de distribución - 26. Costos estandar - 27. Sistemas de contailidad - 28. Métodos mecánicos - 29. Contaduria públca - 30. Contabilidad fiduciaria - 31. Métos matmáticos y tablas. |
| 590 ## - LOCAL NOTE (RLIN) | |
| Local note | niveau_biblio:m niveau_hierar:0 |
| 700 1# - ADDED ENTRY--PERSONAL NAME | |
| Personal name | Casas Alatriste, Roberto |
| 700 1# - ADDED ENTRY--PERSONAL NAME | |
| Personal name | Martinez, Enrique |
| 700 1# - ADDED ENTRY--PERSONAL NAME | |
| Personal name | Ortiz, Teodoro |
| 942 ## - ADDED ENTRY ELEMENTS (KOHA) | |
| Koha item type | |
| Withdrawn status | Lost status | Damaged status | Not for loan | Home library | Current library | Shelving location | Date acquired | Total checkouts | Full call number | Barcode | Date last seen | Price effective from | Koha item type |
|---|---|---|---|---|---|---|---|---|---|---|---|---|---|
| Biblioteca Prof. Eusebio Cleto del Rey | Biblioteca Prof. Eusebio Cleto del Rey | 07/04/2026 | 657 P312m | L69695 | 07/04/2026 | 07/04/2026 | Libro | ||||||
| Biblioteca Prof. Eusebio Cleto del Rey | Biblioteca Prof. Eusebio Cleto del Rey | 07/04/2026 | 657 P312m | L20150 | 07/04/2026 | 07/04/2026 | Libro | ||||||
| Biblioteca Prof. Eusebio Cleto del Rey | Biblioteca Prof. Eusebio Cleto del Rey | 07/04/2026 | 657 P312m | L20149 | 07/04/2026 | 07/04/2026 | Libro |